|
|
|
|
| LEADER |
01110nam a2200265 a 4500 |
| 001 |
3872215 |
| 008 |
090831s1990 enk b 001 0 eng d |
| 010 |
|
|
|a \\\89027610
|
| 020 |
|
|
|a 1850005591
|
| 020 |
|
|
|a 1850005605 (pbk.)
|
| 040 |
|
|
|a DLC
|c DLC
|d DLC
|
| 082 |
0 |
0 |
|a 372.941
|2 20
|
| 245 |
0 |
4 |
|a The Aims of primary education and the national curriculum /
|c edited by Nigel Proctor.
|
| 260 |
|
|
|a London ;
|a New York :
|b Falmer Press,
|c 1990.
|
| 300 |
|
|
|a x, 215 p. :
|b ill. ;
|c 24 cm.
|
| 490 |
0 |
|
|a Contemporary analysis in education series
|
| 504 |
|
|
|a Includes bibliographical references and index.
|
| 541 |
1 |
|
|e 00007184
|
| 650 |
|
0 |
|a Education, Elementary
|z Great Britain.
|
| 650 |
|
0 |
|a Education, Elementary
|x Aims and objectives
|z Great Britain.
|
| 650 |
|
0 |
|a Curriculum planning
|z Great Britain.
|
| 700 |
1 |
|
|a Proctor, Nigel.
|
| 852 |
4 |
|
|a Ayesha Abed Library
|j General shelf
|
| 999 |
|
|
|c 3461
|d 3461
|
| 952 |
|
|
|0 0
|1 0
|2 ddc
|4 0
|6 372_941000000000000_AIM_1990
|7 0
|9 3141
|a BRACUL
|b BRACUL
|c GEN
|d 2009-09-01
|g 0.00
|l 1
|o 372.941 AIM
|p 3010007184
|r 2017-08-30
|s 2017-05-03
|t 1
|w 2009-09-01
|y BK
|x No price found in the accession register.
|